000 01093cam a22001934a 4500
005 20250605164338.0
008 250528s ||||||||||||||||||||||||d
035 _a23528
040 _aGR-AtMCL
_bgre
_dGR-AtMCL
_eAACR2
245 1 _aWage Energy Conversion Systems and Analysis of Prospects in Greece
260 _c2016
300 _a45
520 _aSummary Report, Literature Review, Introduction, Aims and Objectives of the Independent Study, Historical Facts, The Benefits of the Wage Energy Conversion Systems, Analysis of the Wage Energy Conversion Systems and Principals of Operations, Wage Attenuator, Axisymmetrical Point Absorber, Oscillating Water Column (OWC), Oscillating Wage Surge Converter (OWSC), Underwater Device Differential and Hydrostatic Pressure, The Overtopping Devices, Other Devices, National Standards and Regulations, Wage Energy in Greek Territory, Conclusions, Bibliography-Reference, Picture References, Appendices.
700 1 _aMichailidis Dimosthenis
_99100
700 1 _aSiokos Georgios
_99101
942 _cDS
999 _c8529
_d8529